[Event "Box Hill op"]
[Site "Box Hill"]
[Date "2019.12.20"]
[Round "9"]
[White "Fan, Chloe"]
[Black "Mitelman, Boris"]
[Result "0-1"]
[WhiteElo "923"]
[BlackElo "1547"]
[PlyCount "96"]
[EventDate "2019.10.18"]
[EventType "swiss"]
[EventRounds "9"]
[EventCountry "AUS"]
[SourceTitle "EXT 2021"]
[Source "ChessBase"]
[SourceDate "2020.10.23"]
[SourceVersion "1"]
[SourceVersionDate "2020.10.23"]
[SourceQuality "1"]

1. e4 c5 2. Nf3 d6 3. Bb5+ Bd7 4. Bxd7+ Qxd7 5. c4 Nc6 6. Nc3 g6 7. d4 cxd4 8. Nxd4 Bg7 9. Be3 Nf6 10. f3 0-0 11. 0-0 Rfc8 12. b3 h6 13. Rc1 Kh7 14. Qd2 Rg8 15. Nxc6 bxc6 16. Rfd1 Rgd8 17. Ne2 c5 18. Nf4 g5 19. Nd5 Rac8 20. Qc2 Nxd5 21. exd5+ Kg8 22. Qd2 f5 23. f4 g4 24. Bf2 Bf6 25. Re1 Kf7 26. Re6 Ra8 27. Qd3 Kg6 28. Bh4 Rf8 29. Rce1 Rf7 30. h3 h5 31. hxg4 hxg4 32. R1e3 Rh8 33. Bg5 Rfh7 34. Rg3 Rh1+ 35. Kf2 R8h4 36. Bxh4 Rxh4 37. a3 a5 38. Qd2 a4 39. b4 cxb4 40. axb4 Rh1 41. Qc2 Qa7+ 42. Ke2 Qg1 43. Rge3 Qxg2+ 44. Kd3 Qf1+ 45. Re2 Qxf4 46. Qxa4 Qd4+ 47. Kc2 Qb2+ 48. Kd3 Qc3# 0-1

[Event "Begonia op 52nd"]
[Site "Ballarat"]
[Date "2018.03.11"]
[Round "4"]
[White "Mitelman, Boris"]
[Black "Booth, Stewart"]
[Result "0-1"]
[WhiteElo "1706"]
[BlackElo "2087"]
[PlyCount "78"]
[EventDate "2018.03.10"]
[EventType "swiss"]
[EventRounds "7"]
[EventCountry "AUS"]
[SourceTitle "EXT 2019"]
[Source "ChessBase"]
[SourceDate "2018.10.10"]
[SourceVersion "1"]
[SourceVersionDate "2018.10.10"]
[SourceQuality "1"]

1. e4 c5 2. Nf3 d6 3. d4 cxd4 4. Nxd4 Nf6 5. Nc3 a6 6. Be2 e5 7. Nb3 Be7 8. Bg5 Be6 9. 0-0 Nbd7 10. f4 Rc8 11. f5 Bc4 12. Bxc4 Rxc4 13. Qe2 Rc8 14. Rad1 Qc7 15. Rf2 0-0 16. Bxf6 Bxf6 17. Nd5 Qc4 18. Qxc4 Rxc4 19. Re2 Bd8 20. c3 b5 21. Nd2 Rc6 22. Nb4 Rb6 23. Nf1 a5 24. Nc2 Nc5 25. b4 Na4 26. bxa5 Nxc3 27. axb6 Bxb6+ 28. Kh1 Nxd1 29. g3 Nc3 30. Rd2 Nxe4 31. Rd5 Bc5 32. a3 Rc8 33. Kg2 Rf8 34. Kf3 Nc3 35. Rd2 d5 36. Nfe3 d4 37. Nd1 e4+ 38. Kg2 Nxd1 39. Rxd1 d3 0-1